000 00736 a2200229 4500
999 _c10625
_d10625
020 _a9780857209542
050 _aPR6123
_bWAL 2014
100 _aWallace, Wendy
_d1956-
_eauthor
245 _aThe sacred river /
_cWendy Wallace
264 _aLondon :
_bSimon & Schuster,
_c2014
300 _a387 pages
336 _1text
_2tx
_ardacontent
337 _1unmediated
_2n
_ardamedia
338 _1volume
_2nc
_ardacarrier
500 _aOriginally published: 2013.
504 _aNo bibliography
505 _ano contents page
520 _aIncludes summary
650 _aLondon (England) -- History -- 1800-1950
_xFiction.
650 _aEgypt -- History -- British occupation, 1882-1936
_xFiction.
942 _2lcc
_cBK
_h6123
_iWAL
_kPR